Navigation (AD And A&SD Courses) (Record no. 314103)

000 -LEADER
fixed length control field 00244 a2200109 4500
001 - CONTROL NUMBER
control field 79030
090 ## - LOCALLY ASSIGNED LC-TYPE CALL NUMBER (OCLC); LOCAL CALL NUMBER (RLIN)
-- 39524
-- 39524
100 ## - MAIN ENTRY--PERSONAL NAME
Personal name PAF
245 ## - TITLE STATEMENT
Title Navigation (AD And A&SD Courses)
260 ## - PUBLICATION, DISTRIBUTION, ETC.
Place of publication, distribution, etc. PAF Base Masroor
Name of publisher, distributor, etc. PAF Press Masroor
Date of publication, distribution, etc. 2008
300 ## - PHYSICAL DESCRIPTION
Extent 70p
942 ## - ADDED ENTRY ELEMENTS (KOHA)
Institution code [OBSOLETE] CAENUST
Holdings
Withdrawn status Lost status Damaged status Not for loan Collection code Permanent Location Current Location Date acquired Total Checkouts Barcode Date last seen Price effective from Koha item type
          College of Aeronautical Engineering (CAE) College of Aeronautical Engineering (CAE) 04/03/2017   CAEp-1866A 04/05/2017 04/05/2017 Book
© 2023 Central Library, National University of Sciences and Technology. All Rights Reserved.